000 00420nam a2200169Ia 4500
008 230524s9999 xx 000 0 und d
020 _a8180546068
082 _a330
_bMEH
100 _aP.L.Mehta
245 0 _a"Managerial Economics : Analysis,Problems and Cases"
250 _aIST
260 _aNEW DELHI
_bS.Chand
_c2008
300 _aX;375
500 _aQuantity Number: 20
650 _aEconomics
942 _cBK
999 _c40835
_d40835